IIT Foundation Mathematics; (Record no. 208221)

MARC details
000 -LEADER
fixed length control field 00502nam a22001817a 4500
005 - DATE AND TIME OF LATEST TRANSACTION
control field 20250108154627.0
010 ## - LCCN (DPL NO)
LC control number B-761634
020 ## - INTERNATIONAL STANDARD BOOK NUMBER
International Standard Book Number 9789356069442
Terms of availability 505.00
035 ## - SYSTEM CONTROL NUMBER
System control number B-761634
037 ## - SOURCE OF ACQUISITION
Source of stock number/acquisition Gift
082 ## - DEWEY DECIMAL CLASSIFICATION NUMBER
Classification number 510
245 ## - TITLE STATEMENT
Title IIT Foundation Mathematics;
Remainder of title 2023 Class 7/
250 ## - EDITION STATEMENT
Edition statement 4th
260 ## - PUBLICATION, DISTRIBUTION, ETC. (IMPRINT)
Place of publication, distribution, etc New Delhi
Name of publisher, distributor, etc Pearson
Date of publication, distribution, etc 2023
300 ## - PHYSICAL DESCRIPTION
Extent V p.
Dimensions 28cm(pb)
942 ## - ADDED ENTRY ELEMENTS (KOHA)
Source of classification or shelving scheme Dewey Decimal Classification
Item type Children Books
Call number suffix NEW
Classification part 000
Holdings
Withdrawn status Lost status Not for loan Collection code Home library Current library Date acquired Source of acquisition Cost, normal purchase price Full call number Barcode Copy number Cost, replacement price Koha item type Public note
      Non-fiction RC3 Shakur Pur RC3 Shakur Pur 08/01/2025 Gift/8.1.25 505.00 NEW 000 B-761634 1 505.00 Children Books Gift

© Delhi Public Library
Hit Counter
free hit counter